[Event "Winnipeg TNT March op"]
[Site "Winnipeg CAN"]
[Date "2007.03.27"]
[Round "4"]
[White "Booth, Kevin"]
[Black "Cleto, Sam"]
[Result "1/2-1/2"]
[WhiteElo "1638"]
[BlackElo "1912"]
[PlyCount "111"]
[GameId "2160767910718256"]
[EventDate "2007.03.06"]
[EventType "swiss"]
[EventRounds "4"]
[EventCountry "CAN"]
[SourceTitle "EXT 2019"]
[Source "ChessBase"]
[SourceDate "2018.10.10"]
[SourceVersion "1"]
[SourceVersionDate "2018.10.10"]
[SourceQuality "1"]

1. d4 Nf6 2. c4 e6 3. Bg5 Bb4+ 4. Nd2 c5 5. a3 Bxd2+ 6. Qxd2 cxd4 7. Qxd4 Nc6 8. Qh4 Qa5+ 9. Bd2 Qa4 10. e3 d5 11. Nf3 e5 12. cxd5 Qxh4 13. Nxh4 Nxd5 14. Bb5 e4 15. f3 exf3 16. Nxf3 O-O 17. Bxc6 bxc6 18. Rc1 Re8 19. Rxc6 Nxe3 20. Bxe3 Rxe3+ 21. Kf2 Rb3 22. Rc2 Rab8 23. Rd1 Bf5 24. Re2 Rxb2 25. Rd8+ Rxd8 26. Rxb2 f6 27. Rb5 Bd3 28. Rb7 a6 29. Ke3 Bb5 30. Nd4 Bf1 31. g3 Re8+ 32. Kf3 Bd3 33. Ra7 h5 34. h4 Kh7 35. Nb3 Be2+ 36. Kf4 Re5 37. Nd2 Ra5 38. Ne4 Kh6 39. Nd6 Bd3 40. Ne8 g5+ 41. Ke3 Rxa3 42. Nxf6 Kg6 43. hxg5 Kxg5 44. Ne4+ Bxe4+ 45. Kxe4 a5 46. Rb7 a4 47. Rb5+ Kg4 48. Ra5 Ra1 49. Ke3 a3 50. Kf2 Ra2+ 51. Ke1 Ra1+ 52. Kf2 Ra2+ 53. Kf1 Kf3 54. Ke1 Re2+ 55. Kf1 a2 56. Ra3+ 1/2-1/2

[Event "Winnipeg TNT March op"]
[Site "Winnipeg CAN"]
[Date "2007.03.27"]
[Round "4"]
[White "Crawford, Gary"]
[Black "Goodman, Clifford"]
[Result "0-1"]
[WhiteElo "1338"]
[BlackElo "1499"]
[PlyCount "54"]
[GameId "2160767910718257"]
[EventDate "2007.03.06"]
[EventType "swiss"]
[EventRounds "4"]
[EventCountry "CAN"]
[SourceTitle "EXT 2019"]
[Source "ChessBase"]
[SourceDate "2018.10.10"]
[SourceVersion "1"]
[SourceVersionDate "2018.10.10"]
[SourceQuality "1"]

1. e4 c6 2. d4 d5 3. Nd2 dxe4 4. Nxe4 Bf5 5. Ng3 Bg6 6. h4 h6 7. Nf3 e6 8. Bd3 Bxd3 9. Qxd3 Nf6 10. Bd2 Nbd7 11. O-O-O Qb6 12. Bc3 Nd5 13. Ne2 a5 14. a3 c5 15. Ne5 Nxe5 16. dxe5 Be7 17. f4 Rd8 18. Qg3 O-O 19. Qf3 Nxc3 20. Nxc3 Rxd1+ 21. Rxd1 Bxh4 22. Qg4 Bf2 23. Rd3 Bd4 24. a4 Bxc3 25. Rxc3 c4 26. Rxc4 Qg1+ 27. Kd2 Rd8+ 0-1

[Event "Winnipeg TNT March op"]
[Site "Winnipeg CAN"]
[Date "2007.03.27"]
[Round "4"]
[White "Essery, Richard"]
[Black "Wiebe, Daniel"]
[Result "1-0"]
[WhiteElo "1655"]
[BlackElo "1704"]
[PlyCount "115"]
[GameId "2160767910718258"]
[EventDate "2007.03.06"]
[EventType "swiss"]
[EventRounds "4"]
[EventCountry "CAN"]
[SourceTitle "EXT 2019"]
[Source "ChessBase"]
[SourceDate "2018.10.10"]
[SourceVersion "1"]
[SourceVersionDate "2018.10.10"]
[SourceQuality "1"]

1. d4 d5 2. Nf3 Nc6 3. Bf4 Nf6 4. e3 Nh5 5. Bg5 h6 6. Bh4 g5 7. Bg3 Nxg3 8. hxg3 a6 9. Nxg5 e5 10. Qh5 Qf6 11. c3 Rg8 12. Nh7 Qg6 13. Nxf8 Qc2 14. Nd2 Bg4 15. Qxh6 exd4 16. Nh7 O-O-O 17. Nf6 dxc3 18. bxc3 Qxc3 19. Rb1 Rg6 20. Qf4 Qxf6 21. Qxf6 Rxf6 22. f3 Bf5 23. Rb2 Re8 24. g4 Bg6 25. Kf2 d4 26. exd4 Nxd4 27. Bc4 b5 28. Bf1 c5 29. Nb3 Nxb3 30. Rxb3 c4 31. Rc3 Rd6 32. a4 Kc7 33. f4 Bd3 34. Bxd3 Rxd3 35. Rxd3 cxd3 36. axb5 axb5 37. Rd1 Rd8 38. Ke3 Rd5 39. Rxd3 Rxd3+ 40. Kxd3 Kd6 41. g5 b4 42. Kc4 Ke6 43. g4 b3 44. Kxb3 Kd5 45. Kc3 Ke4 46. f5 Ke5 47. Kd3 Kd5 48. Ke3 Ke5 49. Kf3 Kd5 50. Kf4 Kd6 51. Ke4 Ke7 52. Ke5 Kf8 53. Kf6 Kg8 54. g6 Kf8 55. g7+ Kg8 56. g5 Kh7 57. g6+ Kg8 58. gxf7+ 1-0

[Event "Winnipeg TNT March op"]
[Site "Winnipeg CAN"]
[Date "2007.03.27"]
[Round "4"]
[White "Gibson, Fred"]
[Black "Green, Aaron"]
[Result "0-1"]
[WhiteElo "1260"]
[BlackElo "1426"]
[PlyCount "56"]
[GameId "2160767910718259"]
[EventDate "2007.03.06"]
[EventType "swiss"]
[EventRounds "4"]
[EventCountry "CAN"]
[SourceTitle "EXT 2019"]
[Source "ChessBase"]
[SourceDate "2018.10.10"]
[SourceVersion "1"]
[SourceVersionDate "2018.10.10"]
[SourceQuality "1"]

1. e4 c5 2. Nc3 d6 3. g3 g6 4. Bg2 Bg7 5. Nge2 e5 6. d3 Ne7 7. Be3 Nbc6 8. O-O O-O 9. Qd2 f5 10. Bh6 Nd4 11. Rae1 Nec6 12. a3 fxe4 13. Bxg7 Kxg7 14. Bxe4 Bf5 15. Bd5 Be6 16. Bg2 Bh3 17. f4 Bxg2 18. Kxg2 exf4 19. Rxf4 Rxf4 20. Nxf4 Qd7 21. Re3 Ne5 22. Nd1 Qc6+ 23. Kf2 Ng4+ 24. Kg1 Nxe3 25. Ne6+ Nxe6 26. Qxe3 Re8 27. Nf2 Nd4 28. Ne4 d5 0-1

[Event "Winnipeg TNT March op"]
[Site "Winnipeg CAN"]
[Date "2007.03.27"]
[Round "4"]
[White "Green, Jim"]
[Black "Silva, T Romero"]
[Result "1-0"]
[WhiteElo "1780"]
[BlackElo "1912"]
[PlyCount "94"]
[GameId "2160767910718260"]
[EventDate "2007.03.06"]
[EventType "swiss"]
[EventRounds "4"]
[EventCountry "CAN"]
[SourceTitle "EXT 2019"]
[Source "ChessBase"]
[SourceDate "2018.10.10"]
[SourceVersion "1"]
[SourceVersionDate "2018.10.10"]
[SourceQuality "1"]

1. e4 e5 2. Nf3 Nf6 3. Nxe5 d6 4. Nf3 Nxe4 5. c4 Be7 6. Nc3 c6 7. Nxe4 O-O 8. Be2 d5 9. cxd5 cxd5 10. Ng3 Nc6 11. O-O d4 12. d3 Be6 13. Bd2 Rc8 14. a3 a6 15. Rc1 Qd5 16. b4 Rcd8 17. Ne4 b6 18. Rc2 f5 19. Ng3 Qd7 20. Qb1 b5 21. Rfc1 Bd5 22. Rxc6 Bxc6 23. Ne5 Qe6 24. Nxc6 Bh4 25. Nxd8 Rxd8 26. Bf3 Rd6 27. Re1 Qf7 28. Bf4 Rd8 29. Qc1 h6 30. Qc7 Rd7 31. Qc8+ Kh7 32. Qe8 g5 33. Qxf7+ Rxf7 34. Bd6 g4 35. Bd5 Rd7 36. Nxf5 Bf6 37. Be4 Kh8 38. Nxh6 Kg7 39. Nf5+ Kg6 40. Nxd4+ Kh5 41. Nf5 Kg5 42. Bc5 Bc3 43. Rd1 Bb2 44. g3 Bxa3 45. Ra1 Bb2 46. Rxa6 Rc7 47. Be3+ Kh5 1-0

[Event "Winnipeg TNT March op"]
[Site "Winnipeg CAN"]
[Date "2007.03.27"]
[Round "4"]
[White "Khedkar, Jay S"]
[Black "Clark, Jeff"]
[Result "1-0"]
[WhiteElo "1963"]
[BlackElo "1846"]
[PlyCount "55"]
[GameId "2160767910718261"]
[EventDate "2007.03.06"]
[EventType "swiss"]
[EventRounds "4"]
[EventCountry "CAN"]
[SourceTitle "EXT 2019"]
[Source "ChessBase"]
[SourceDate "2018.10.10"]
[SourceVersion "1"]
[SourceVersionDate "2018.10.10"]
[SourceQuality "1"]

1. e4 Nf6 2. e5 Nd5 3. d4 d6 4. Nf3 e6 5. Be2 Be7 6. O-O O-O 7. c4 Nb6 8. Nc3 Nc6 9. exd6 cxd6 10. Be3 d5 11. c5 Nd7 12. Rc1 b6 13. cxb6 axb6 14. Nxd5 exd5 15. Rxc6 Bb7 16. Rc3 Rxa2 17. Qb3 Ra8 18. Bf4 Rc8 19. Rfc1 Rxc3 20. Rxc3 Bf6 21. Rc7 Ba8 22. Qa4 b5 23. Bxb5 Nb6 24. Qa6 Nc4 25. b3 Ne5 26. Bxe5 Bxe5 27. Rd7 Qf6 28. Nxe5 1-0

[Event "Winnipeg TNT March op"]
[Site "Winnipeg CAN"]
[Date "2007.03.27"]
[Round "4"]
[White "Lipic, Stephen"]
[Black "Evans, Brian"]
[Result "1-0"]
[WhiteElo "1582"]
[BlackElo "1525"]
[PlyCount "45"]
[GameId "2160767910718262"]
[EventDate "2007.03.06"]
[EventType "swiss"]
[EventRounds "4"]
[EventCountry "CAN"]
[SourceTitle "EXT 2019"]
[Source "ChessBase"]
[SourceDate "2018.10.10"]
[SourceVersion "1"]
[SourceVersionDate "2018.10.10"]
[SourceQuality "1"]

1. f4 d5 2. Nf3 Qd6 3. e3 Bg4 4. Be2 Nc6 5. O-O O-O-O 6. d4 Bxf3 7. Bxf3 f6 8. Nd2 e5 9. fxe5 fxe5 10. Bg4+ Kb8 11. Nf3 e4 12. Ng5 Nh6 13. Bd2 Be7 14. Ne6 Rdg8 15. Be1 Bd8 16. Bg3 Qb4 17. b3 Qc3 18. Bf2 Nxg4 19. Qxg4 Qxc2 20. Qf5 Ne7 21. Qe5 Ng6 22. Qxd5 Nf8 23. Qxd8# 1-0

[Event "Winnipeg TNT March op"]
[Site "Winnipeg CAN"]
[Date "2007.03.27"]
[Round "4"]
[White "Melamedoff, Gustavo"]
[Black "Mundwiler, Les"]
[Result "1/2-1/2"]
[WhiteElo "1943"]
[BlackElo "1945"]
[PlyCount "75"]
[GameId "2160767910718263"]
[EventDate "2007.03.06"]
[EventType "swiss"]
[EventRounds "4"]
[EventCountry "CAN"]
[SourceTitle "EXT 2019"]
[Source "ChessBase"]
[SourceDate "2018.10.10"]
[SourceVersion "1"]
[SourceVersionDate "2018.10.10"]
[SourceQuality "1"]

1. e4 e5 2. Nf3 Nc6 3. Bb5 Nd4 4. Nxd4 exd4 5. O-O c6 6. Bc4 Nf6 7. e5 d5 8. exd6 Qxd6 9. d3 Be7 10. Qf3 Bg4 11. Qf4 Qd7 12. c3 dxc3 13. Nxc3 O-O 14. Ne4 b5 15. Bb3 Be2 16. Re1 Qxd3 17. Nc3 Bd6 18. Qh4 Rfe8 19. Be3 Bh5 20. Rad1 Bxd1 21. Rxd1 Bxh2+ 22. Kxh2 Qf5 23. Rd4 Qe5+ 24. Kg1 a6 25. Qf4 Qxf4 26. Rxf4 Rad8 27. Bd4 Nd5 28. Nxd5 cxd5 29. Rg4 g6 30. Be3 Re4 31. Rxe4 dxe4 32. g4 Kg7 33. Kg2 h6 34. Kg3 g5 35. Bc2 Re8 36. Bd4+ f6 37. Kg2 Rc8 38. Bb3 1/2-1/2

[Event "Winnipeg TNT March op"]
[Site "Winnipeg CAN"]
[Date "2007.03.27"]
[Round "4"]
[White "Podmoroff, Yuri"]
[Black "Karmali, Hafiz"]
[Result "0-1"]
[WhiteElo "1536"]
[BlackElo "2033"]
[PlyCount "78"]
[GameId "2160767910718264"]
[EventDate "2007.03.06"]
[EventType "swiss"]
[EventRounds "4"]
[EventCountry "CAN"]
[SourceTitle "EXT 2019"]
[Source "ChessBase"]
[SourceDate "2018.10.10"]
[SourceVersion "1"]
[SourceVersionDate "2018.10.10"]
[SourceQuality "1"]

1. e4 e6 2. d4 d5 3. e5 c5 4. Nf3 cxd4 5. Nxd4 Nc6 6. Bb5 Bd7 7. Nf3 Nxe5 8. Bxd7+ Nxd7 9. O-O Ngf6 10. Bg5 Bc5 11. Qe2 O-O 12. Rd1 Rc8 13. c4 Qa5 14. cxd5 exd5 15. Nc3 Bb4 16. Bd2 Qd8 17. a3 Re8 18. Qb5 Bxc3 19. Bxc3 Nc5 20. Bxf6 Qxf6 21. b4 a6 22. Qf1 Ne4 23. Qd3 Qb6 24. Ra2 Nc3 25. Nh4 Nxd1 26. Qxd1 Qd4 27. Rd2 Qxh4 28. g3 Qe4 29. Rxd5 Qe1+ 30. Qxe1 Rxe1+ 31. Kg2 Ra1 32. Rd7 Rxa3 33. Rxb7 Rc2 34. h4 Raa2 35. Kh3 f5 36. h5 h6 37. b5 Rxf2 38. g4 Rf3+ 39. Kh4 Rh2# 0-1

[Event "Winnipeg TNT March op"]
[Site "Winnipeg CAN"]
[Date "2007.03.27"]
[Round "4"]
[White "Rutter, Blair"]
[Black "Pottinger, Carl"]
[Result "1-0"]
[WhiteElo "1955"]
[BlackElo "1802"]
[PlyCount "97"]
[GameId "2160767910718265"]
[EventDate "2007.03.06"]
[EventType "swiss"]
[EventRounds "4"]
[EventCountry "CAN"]
[SourceTitle "EXT 2019"]
[Source "ChessBase"]
[SourceDate "2018.10.10"]
[SourceVersion "1"]
[SourceVersionDate "2018.10.10"]
[SourceQuality "1"]

1. c4 c5 2. g3 g6 3. Bg2 Bg7 4. Nc3 Nf6 5. e4 d6 6. Nge2 O-O 7. O-O Nc6 8. h3 a6 9. d3 Rb8 10. Be3 b5 11. Qd2 bxc4 12. dxc4 Ne5 13. b3 Bxh3 14. f4 Bxg2 15. Kxg2 Neg4 16. Bg1 Qc8 17. Rae1 Qb7 18. Qc2 Ne8 19. Kh3 h5 20. f5 Qd7 21. Nf4 Nef6 22. Qd3 Kh7 23. Kg2 Ne5 24. Qc2 g5 25. Nh3 Bh6 26. Nd5 Rg8 27. Be3 Nfg4 28. Bc1 e6 29. Ne3 Nxe3+ 30. Bxe3 Ng4 31. Bc1 e5 32. Rh1 Nf6 33. Nf2 a5 34. Bd2 a4 35. Rb1 axb3 36. axb3 Qb7 37. Rb2 g4 38. Bxh6 Kxh6 39. Qd2+ Rg5 40. Qxd6 Rxf5 41. Nxg4+ Kg5 42. Nxf6 Rxf6 43. Qxe5+ Kg6 44. Rxh5 Kg7 45. Rg5+ Kf8 46. Qxc5+ Ke8 47. Rg8+ Kd7 48. Rd2+ Ke6 49. Qd6# 1-0

[Event "Winnipeg TNT March op"]
[Site "Winnipeg CAN"]
[Date "2007.03.27"]
[Round "4"]
[White "Trueman, Francis"]
[Black "Kohalmi, Andy"]
[Result "0-1"]
[WhiteElo "1465"]
[BlackElo "1703"]
[PlyCount "106"]
[GameId "2160767910718266"]
[EventDate "2007.03.06"]
[EventType "swiss"]
[EventRounds "4"]
[EventCountry "CAN"]
[SourceTitle "EXT 2019"]
[Source "ChessBase"]
[SourceDate "2018.10.10"]
[SourceVersion "1"]
[SourceVersionDate "2018.10.10"]
[SourceQuality "1"]

1. Nf3 Nf6 2. d3 d5 3. Nbd2 g6 4. g3 Bg7 5. Bg2 Nbd7 6. O-O O-O 7. Re1 e5 8. e4 d4 9. c3 c5 10. a4 b6 11. Qe2 Ba6 12. c4 Rb8 13. Nf1 Bb7 14. h4 Nh5 15. N1h2 Qc7 16. Kh1 Ndf6 17. Bh3 Bc8 18. Bxc8 Rbxc8 19. Rg1 Rce8 20. Bd2 Qd7 21. Ne1 Qh3 22. Qf1 Qxf1 23. Nxf1 Nd7 24. a5 Ra8 25. g4 Nhf6 26. Nh2 Kh8 27. Ng2 bxa5 28. f4 Rfb8 29. Ra2 Rb3 30. Ne1 a4 31. Nhf3 Ne8 32. f5 h6 33. fxg6 fxg6 34. Bc1 Nb6 35. Nd2 Rb4 36. Nc2 a5 37. Nxb4 axb4 38. Nf3 Nc7 39. Rf1 Ne6 40. Nh2 Kg8 41. Nf3 Rf8 42. Kg1 Nf4 43. Bxf4 Rxf4 44. Nh2 Rxf1+ 45. Nxf1 Bf6 46. h5 gxh5 47. gxh5 Bg5 48. Ng3 Bc1 49. Nf5 Kh7 50. b3 axb3 51. Ra1 b2 52. Rb1 Na4 53. Ng3 Nc3 0-1

[Event "Winnipeg TNT March op"]
[Site "Winnipeg CAN"]
[Date "2007.03.27"]
[Round "4"]
[White "Van Wyk, Joseph"]
[Black "Lauritson, Jim"]
[Result "0-1"]
[WhiteElo "1947"]
[BlackElo "1916"]
[PlyCount "52"]
[GameId "2160767910718267"]
[EventDate "2007.03.06"]
[EventType "swiss"]
[EventRounds "4"]
[EventCountry "CAN"]
[SourceTitle "EXT 2019"]
[Source "ChessBase"]
[SourceDate "2018.10.10"]
[SourceVersion "1"]
[SourceVersionDate "2018.10.10"]
[SourceQuality "1"]

1. e4 c5 2. c3 Nf6 3. e5 Nd5 4. d4 cxd4 5. cxd4 Nc6 6. Nf3 e6 7. Nc3 Nxc3 8. bxc3 d6 9. exd6 Bxd6 10. Bd3 O-O 11. Bxh7+ Kxh7 12. Ng5+ Kg6 13. h4 Kf6 14. Qg4 Ke7 15. Nh7 Rg8 16. h5 Kd7 17. h6 Qa5 18. Nf6+ gxf6 19. Qxg8 Qxc3+ 20. Kd1 Qxd4+ 21. Ke2 Qc4+ 22. Kd1 Qd3+ 23. Bd2 Bf4 24. Qxf7+ Ne7 25. Kc1 Bxd2+ 26. Kb2 Bc3+ 0-1

[Event "Winnipeg TNT March op"]
[Site "Winnipeg CAN"]
[Date "2007.03.27"]
[Round "4"]
[White "Wasserman, Leor"]
[Black "Reimer, Bruce"]
[Result "1-0"]
[WhiteElo "1560"]
[BlackElo "1590"]
[PlyCount "125"]
[GameId "2160767910718268"]
[EventDate "2007.03.06"]
[EventType "swiss"]
[EventRounds "4"]
[EventCountry "CAN"]
[SourceTitle "EXT 2019"]
[Source "ChessBase"]
[SourceDate "2018.10.10"]
[SourceVersion "1"]
[SourceVersionDate "2018.10.10"]
[SourceQuality "1"]

1. e4 Nf6 2. Nc3 d5 3. exd5 Nxd5 4. Nf3 Nc6 5. Bc4 Nxc3 6. bxc3 e6 7. O-O Bc5 8. d4 Bd6 9. d5 exd5 10. Qxd5 Be6 11. Re1 O-O 12. Qb5 Bxc4 13. Qxc4 Qf6 14. Bg5 Qg6 15. Rab1 h6 16. Be3 b6 17. Nh4 Qh5 18. g3 Ne5 19. Qd5 g5 20. f4 gxh4 21. fxe5 hxg3 22. hxg3 Qxe5 23. Qxe5 Bxe5 24. Bxh6 Bxc3 25. Re4 Rfe8 26. Rg4+ Kh7 27. Rh4 Kg6 28. Rb5 Bf6 29. Rh3 c5 30. Bf4 Rh8 31. Kg2 Rae8 32. Rxh8 Bxh8 33. Kf3 Be5 34. Bd2 Rd8 35. Be3 Re8 36. Rb1 Kf6 37. Rf1 Kg6 38. Rh1 Rh8 39. Rd1 Rh3 40. Bf2 a5 41. Rb1 Bc7 42. Rd1 f5 43. Rd7 Be5 44. Rb7 f4 45. Rxb6+ Kg5 46. Kg2 Rh6 47. gxf4+ Bxf4 48. Rxh6 Kxh6 49. Bxc5 Kg5 50. Kf3 Kf5 51. Bb6 a4 52. Ke2 Ke4 53. c4 Ke5 54. Bc7+ Ke4 55. Bxf4 Kd4 56. c5 Kxc5 57. a3 Kc4 58. Bd2 Kb3 59. Bb4 Kb2 60. Kd3 Kb3 61. Kd4 Kb2 62. Kc5 Kb3 63. Kb5 1-0

[Event "Winnipeg TNT May op"]
[Site "Winnipeg CAN"]
[Date "2007.05.01"]
[Round "1"]
[White "Booth, Kevin"]
[Black "Kwiatek, Jordan"]
[Result "1-0"]
[WhiteElo "1642"]
[BlackElo "1988"]
[PlyCount "71"]
[GameId "2160767910684713"]
[EventDate "2007.05.01"]
[EventType "swiss"]
[EventRounds "5"]
[EventCountry "CAN"]
[SourceTitle "EXT 2022"]
[Source "ChessBase"]
[SourceDate "2021.10.06"]
[SourceVersion "1"]
[SourceVersionDate "2021.10.06"]
[SourceQuality "1"]

1. d4 Nf6 2. c4 c5 3. Nf3 cxd4 4. Nxd4 e5 5. Nb5 d5 6. Bg5 Bb4+ 7. Nd2 a6 8. Qa4 axb5 9. Qxa8 Nc6 10. cxb5 Nd4 11. Rc1 O-O 12. Qa4 Bxd2+ 13. Bxd2 Ne4 14. Be3 Nf5 15. Bc5 Qh4 16. g3 Qg5 17. Rc2 Rd8 18. Bg2 Be6 19. O-O h5 20. Bxe4 dxe4 21. Qxe4 Nh6 22. Qh4 Qxh4 23. gxh4 Bxa2 24. Be3 Nf5 25. Rc7 Rd6 26. Bc5 Rg6+ 27. Kh1 Nxh4 28. Rg1 Bd5+ 29. f3 Rf6 30. Rg5 e4 31. Rxh5 g5 32. Rxg5+ Rg6 33. Rxd5 exf3 34. exf3 Nxf3 35. Rd8+ Kg7 36. Bf8+ 1-0

[Event "Winnipeg TNT May op"]
[Site "Winnipeg CAN"]
[Date "2007.05.01"]
[Round "1"]
[White "Gibbons, Lorne"]
[Black "Pottinger, Carl"]
[Result "0-1"]
[WhiteElo "1321"]
[BlackElo "1806"]
[PlyCount "56"]
[GameId "2160767910684714"]
[EventDate "2007.05.01"]
[EventType "swiss"]
[EventRounds "5"]
[EventCountry "CAN"]
[SourceTitle "EXT 2022"]
[Source "ChessBase"]
[SourceDate "2021.10.06"]
[SourceVersion "1"]
[SourceVersionDate "2021.10.06"]
[SourceQuality "1"]

1. d4 Nf6 2. c4 e6 3. Bf4 Bb4+ 4. Nd2 O-O 5. Ngf3 b6 6. a3 Bxd2+ 7. Nxd2 Bb7 8. f3 Nh5 9. Be3 f5 10. g3 Nc6 11. Rg1 f4 12. Bf2 fxg3 13. hxg3 Qf6 14. e3 Qf7 15. g4 Nf6 16. Bd3 Ne7 17. Qe2 c5 18. dxc5 bxc5 19. Rg3 d6 20. O-O-O Rab8 21. Rh1 Ng6 22. Rh2 Bc6 23. Rgh3 Qb7 24. Nb1 Ne5 25. Bxh7+ Nxh7 26. Rxh7 Bxf3 27. Qd2 Nxc4 28. Qc3 Qxb2+ 0-1

[Event "Winnipeg TNT May op"]
[Site "Winnipeg CAN"]
[Date "2007.05.01"]
[Round "1"]
[White "Goodman, Clifford"]
[Black "Lauritson, Jim"]
[Result "1/2-1/2"]
[WhiteElo "1508"]
[BlackElo "1916"]
[PlyCount "71"]
[GameId "2160767910684715"]
[EventDate "2007.05.01"]
[EventType "swiss"]
[EventRounds "5"]
[EventCountry "CAN"]
[SourceTitle "EXT 2022"]
[Source "ChessBase"]
[SourceDate "2021.10.06"]
[SourceVersion "1"]
[SourceVersionDate "2021.10.06"]
[SourceQuality "1"]

1. e4 c5 2. Nc3 Nc6 3. Nf3 e6 4. Bb5 Qc7 5. Bxc6 Qxc6 6. d4 Nf6 7. d5 Qa6 8. e5 Nxd5 9. Nxd5 exd5 10. Qxd5 Be7 11. Be3 Qe6 12. Qxe6 dxe6 13. Bg5 b6 14. Rg1 Bb7 15. Bxe7 Kxe7 16. Nd2 b5 17. O-O-O Rad8 18. g3 c4 19. Nb1 Bf3 20. Rxd8 Rxd8 21. Nd2 Bb7 22. Rd1 Rd5 23. f4 g5 24. Nf1 gxf4 25. gxf4 f6 26. Ne3 Rxd1+ 27. Kxd1 fxe5 28. fxe5 Kf7 29. Ke1 Kg6 30. Kf2 Kg5 31. Kg3 Be4 32. c3 h5 33. h4+ Kg6 34. Kf4 Bd3 35. a3 Bb1 36. Kg3 1/2-1/2

[Event "Winnipeg TNT May op"]
[Site "Winnipeg CAN"]
[Date "2007.05.01"]
[Round "1"]
[White "Khedkar, Jay S"]
[Black "Lipic, Stephen"]
[Result "1-0"]
[WhiteElo "1974"]
[BlackElo "1616"]
[PlyCount "69"]
[GameId "2160767910684716"]
[EventDate "2007.05.01"]
[EventType "swiss"]
[EventRounds "5"]
[EventCountry "CAN"]
[SourceTitle "EXT 2022"]
[Source "ChessBase"]
[SourceDate "2021.10.06"]
[SourceVersion "1"]
[SourceVersionDate "2021.10.06"]
[SourceQuality "1"]

1. e4 c6 2. d4 d5 3. Nd2 Qb6 4. Ngf3 Bg4 5. e5 Na6 6. Be2 Nc7 7. O-O Ne6 8. Nb3 g6 9. Be3 Bh6 10. Qd2 Bxe3 11. Qxe3 O-O-O 12. a4 h5 13. a5 Qb4 14. Ra3 Bxf3 15. c3 Qxa3 16. bxa3 Bxe2 17. Qxe2 a6 18. Rb1 Nh6 19. Nd2 Nf5 20. Nf3 g5 21. Qb2 Rd7 22. Qc2 Nfg7 23. Qd2 f6 24. Re1 h4 25. h3 Nf4 26. Nh2 f5 27. Nf3 Nfe6 28. Nxg5 Nxg5 29. Qxg5 e6 30. Qf6 Kc7 31. Re3 Kc8 32. Rf3 Kc7 33. Kh2 Kc8 34. Rf4 Nh5 35. Qxh8+ 1-0

[Event "Winnipeg TNT May op"]
[Site "Winnipeg CAN"]
[Date "2007.05.01"]
[Round "1"]
[White "Lafreniere, Adrian"]
[Black "Campbell, Gary"]
[Result "1-0"]
[WhiteElo "1911"]
[BlackElo "1500"]
[PlyCount "39"]
[GameId "2160767910692909"]
[EventDate "2007.05.01"]
[EventType "swiss"]
[EventRounds "5"]
[EventCountry "CAN"]
[SourceTitle "EXT 2022"]
[Source "ChessBase"]
[SourceDate "2021.10.06"]
[SourceVersion "1"]
[SourceVersionDate "2021.10.06"]
[SourceQuality "1"]

1. e4 c5 2. d3 Nc6 3. g3 d6 4. Bg2 Nf6 5. h3 g6 6. Ne2 Bg7 7. Nbc3 O-O 8. O-O a6 9. Be3 b5 10. Qd2 Rb8 11. Rab1 Ne5 12. f4 Ned7 13. f5 Ne5 14. Bh6 b4 15. Nd1 d5 16. fxg6 fxg6 17. exd5 Nxd5 18. Rxf8+ Kxf8 19. Nf2 Bxh3 20. Nxh3 1-0

[Event "Winnipeg TNT May op"]
[Site "Winnipeg CAN"]
[Date "2007.05.01"]
[Round "1"]
[White "Liu, Weixi"]
[Black "Rutter, Blair"]
[Result "1-0"]
[WhiteElo "1515"]
[BlackElo "1949"]
[PlyCount "77"]
[GameId "2160767910692910"]
[EventDate "2007.05.01"]
[EventType "swiss"]
[EventRounds "5"]
[EventCountry "CAN"]
[SourceTitle "EXT 2022"]
[Source "ChessBase"]
[SourceDate "2021.10.06"]
[SourceVersion "1"]
[SourceVersionDate "2021.10.06"]
[SourceQuality "1"]

1. d4 d5 2. c4 e6 3. Nf3 f5 4. Nc3 Nf6 5. Bg5 c6 6. e3 Nbd7 7. Bd3 Bd6 8. cxd5 cxd5 9. O-O O-O 10. Ne2 Qe8 11. Rc1 Ne4 12. Bf4 Qe7 13. Rc2 Ndf6 14. Bxd6 Qxd6 15. Ne5 Bd7 16. Nf4 Be8 17. Be2 g5 18. Nh5 g4 19. Nf4 h5 20. Kh1 Kh7 21. Qc1 Rg8 22. f3 Ng5 23. Rc7+ Rg7 24. Rxg7+ Kxg7 25. h4 Nf7 26. Nfd3 Nd7 27. Nxf7 Bxf7 28. fxg4 Qg3 29. gxf5 Qxh4+ 30. Kg1 exf5 31. Rxf5 Qe4 32. Rf3 Rg8 33. Qc7 Be6 34. Ne5 Kh8 35. Nxd7 Qg4 36. Qe5+ Qg7 37. Qxh5+ Qh7 38. Qxh7+ Kxh7 39. Nf6+ 1-0

[Event "Winnipeg TNT May op"]
[Site "Winnipeg CAN"]
[Date "2007.05.01"]
[Round "1"]
[White "Oberton, Daniel"]
[Black "Essery, Richard"]
[Result "1-0"]
[WhiteElo "2009"]
[BlackElo "1684"]
[PlyCount "91"]
[GameId "2160767910692911"]
[EventDate "2007.05.01"]
[EventType "swiss"]
[EventRounds "5"]
[EventCountry "CAN"]
[SourceTitle "EXT 2022"]
[Source "ChessBase"]
[SourceDate "2021.10.06"]
[SourceVersion "1"]
[SourceVersionDate "2021.10.06"]
[SourceQuality "1"]

1. e4 c5 2. Nf3 d5 3. exd5 Nf6 4. c4 e6 5. dxe6 Bxe6 6. d4 cxd4 7. Qxd4 Nc6 8. Qxd8+ Rxd8 9. a3 Na5 10. Nbd2 Bd6 11. b4 Nc6 12. Be2 O-O 13. O-O b6 14. Bb2 Ng4 15. Ne4 Bc7 16. Rfd1 Nge5 17. Nxe5 Nxe5 18. c5 Bb3 19. Rxd8 Rxd8 20. Rc1 f5 21. cxb6 Bxb6 22. Bxe5 fxe4 23. Bf4 h6 24. g3 g5 25. Be3 Bxe3 26. fxe3 Rd2 27. Rc3 Be6 28. Bc4 Rd1+ 29. Kf2 Kf7 30. Bxe6+ Kxe6 31. Rc6+ Rd6 32. Rc4 Ke5 33. Rc5+ Ke6 34. Ra5 a6 35. g4 Kd7 36. Re5 Re6 37. Rxe6 Kxe6 38. Ke2 Kd5 39. Kd2 Kc4 40. Kc2 Kb5 41. Kb3 Kc6 42. Kc4 Kb6 43. a4 Kc6 44. b5+ axb5+ 45. axb5+ Kb6 46. Kb4 1-0